LEADER 01087nam a2200301 i 4500 001 991000856759707536 005 20020507174630.0 008 010516s1999 ne ||| | eng 020 $a9067643033 035 $ab10766959-39ule_inst 035 $aLE01303375$9ExL 040 $aDip.to Matematica$beng 082 0 $a515.352 084 $aAMS 34A55 100 1 $aDenisov, A. M.$0520635 245 10$aElements of the theory of inverse problems /$cA. M. Denisov 260 $aUtrecht :$bVSP,$c1999 300 $aiv, 272 p. ;$c26 cm 490 0 $aInverse and ill-posed problems series,$x1381-4524 500 $aIncludes bibliographical references (p. [265]-272) 650 4$aIntegrals 650 4$aInverse problems (Differential equations) 907 $a.b10766959$b23-02-17$c28-06-02 912 $a991000856759707536 945 $aLE013 34A DEN11 (1999)$g1$i2013000126944$lle013$o-$pE0.00$q-$rl$s- $t0$u0$v0$w0$x0$y.i10863199$z28-06-02 996 $aElements of the theory of inverse problems$9923365 997 $aUNISALENTO 998 $ale013$b01-01-01$cm$da $e-$feng$gne $h0$i1